Train the trainer : 1 - 4 Disember 2008

Bibliographic Details
Corporate Authors: Train the trainer, INSPEN ( Institut Penilaian Negara )
Format: Book
Language:English
Published: Bangi : Institut Penilaian Negara , 2008
Subjects:
Online Access:http://app.inspen.gov.my:7779/pls/portal/docs/PAGE/CORPORATEPAGES/PORTAL_INSPEN/NOTA_KURSUS/MANAGEMENT/TRAIN%20THE%20TRAINER.PDF

MARC

LEADER 00000cam a2200000 7i4500
001 0000021917
005 20091106.0
008 091026 my a eng
040 |a INS 
090 0 0 |a M233 
110 1 |a Train the trainer ,   |d 2008 1 - 4 Disember   |c INSPEN, Bangi 
245 0 0 |a Train the trainer :   |b 1 - 4 Disember 2008   |c Anjuran Pusat Pengurusan dan Teknologi Maklumat, INSPEN 
260 |a Bangi :   |b Institut Penilaian Negara ,   |c 2008 
300 |a 1v. (Various pagings) :   |b ill. ;   |c 30 cm. 
650 0 |a Employes   |x Training of   |x Study and teaching   |x Outlines 
710 1 |a INSPEN ( Institut Penilaian Negara ) 
856 |u http://app.inspen.gov.my:7779/pls/portal/docs/PAGE/CORPORATEPAGES/PORTAL_INSPEN/NOTA_KURSUS/MANAGEMENT/TRAIN%20THE%20TRAINER.PDF 
999 |a M000000490   |b BOOK   |c Course Notes   |e Default branch 
999 |a M000000491   |b BOOK   |c Course Notes   |e Default branch